<?xml version="1.0" encoding="UTF-8"?>
<record
    xmlns:xsi="http://www.w3.org/2001/XMLSchema-instance"
    xsi:schemaLocation="http://www.loc.gov/MARC21/slim http://www.loc.gov/standards/marcxml/schema/MARC21slim.xsd"
    xmlns="http://www.loc.gov/MARC21/slim">

  <leader>01061nam a2200241 a 4500</leader>
  <controlfield tag="001">37741</controlfield>
  <controlfield tag="003">BD-RjUL</controlfield>
  <controlfield tag="005">20211209052638.0</controlfield>
  <controlfield tag="008">150427s1999    bg a|||| |||| 00| 0 ben d</controlfield>
  <datafield tag="035" ind1=" " ind2=" ">
    <subfield code="a">(BD-RjUL)37845</subfield>
  </datafield>
  <datafield tag="040" ind1=" " ind2=" ">
    <subfield code="a">BD-RjUL</subfield>
    <subfield code="b">eng</subfield>
    <subfield code="c">BD-RjUL</subfield>
  </datafield>
  <datafield tag="041" ind1=" " ind2=" ">
    <subfield code="a">eng</subfield>
  </datafield>
  <datafield tag="082" ind1=" " ind2=" ">
    <subfield code="2">23</subfield>
    <subfield code="a">973</subfield>
    <subfield code="b">BRP 1999</subfield>
  </datafield>
  <datafield tag="100" ind1=" " ind2=" ">
    <subfield code="a">&#x9AC;&#x9CD;&#x9B0;&#x9BF;&#x999;&#x9CD;&#x995;&#x9B2;&#x9BF;, &#x98F;&#x9B2;&#x9CD;&#x9AF;&#x9BE;&#x9A8;</subfield>
    <subfield code="9">116640</subfield>
  </datafield>
  <datafield tag="245" ind1=" " ind2=" ">
    <subfield code="a">&#x9AA;&#x9C2;&#x9B0;&#x9CD;&#x9A3;&#x9A4;&#x9BE; &#x9B8;&#x9A8;&#x9CD;&#x9A7;&#x9BE;&#x9A8;&#x9C7; &#x986;&#x9AE;&#x9C7;&#x9B0;&#x9BF;&#x995;&#x9BE; :</subfield>
    <subfield code="b">&#x9AE;&#x9BE;&#x9B0;&#x9CD;&#x995;&#x9BF;&#x9A8; &#x99C;&#x9BE;&#x9A4;&#x9BF;&#x9B0; &#x9B8;&#x982;&#x995;&#x9CD;&#x9B7;&#x9BF;&#x9AA;&#x9CD;&#x9A4; &#x987;&#x9A4;&#x9BF;&#x9B9;&#x9BE;&#x9B8;</subfield>
    <subfield code="c">&#x98F;&#x9B2;&#x9CD;&#x9AF;&#x9BE;&#x9A8; &#x9AC;&#x9CD;&#x9B0;&#x9BF;&#x999;&#x9CD;&#x995;&#x9B2;&#x9BF; ; &#x985;&#x9A8;&#x9C1;&#x9AC;&#x9BE;&#x9A6; &#x986;&#x9AB;&#x9A4;&#x9BE;&#x9AC; &#x9B9;&#x9CB;&#x9B8;&#x9C7;&#x9A8;</subfield>
  </datafield>
  <datafield tag="250" ind1=" " ind2=" ">
    <subfield code="a">&#x9E7;&#x9AE; &#x9B8;&#x982;.</subfield>
  </datafield>
  <datafield tag="260" ind1=" " ind2=" ">
    <subfield code="a">&#x9A2;&#x9BE;&#x995;&#x9BE; :</subfield>
    <subfield code="b">&#x9AC;&#x9BE;&#x982;&#x9B2;&#x9BE; &#x98F;&#x995;&#x9BE;&#x9A1;&#x9C7;&#x9AE;&#x9C0;</subfield>
    <subfield code="c">&#x9E7;&#x9EF;&#x9EF;&#x9EF;</subfield>
  </datafield>
  <datafield tag="300" ind1=" " ind2=" ">
    <subfield code="a">&#x9E8;&#x9EE;, &#x9E7;&#x9E8;&#x9E8;&#x9EA; &#x9AA;&#x9C3;. :</subfield>
    <subfield code="b">&#x99A;&#x9BF;&#x9A4;&#x9CD;&#x9B0; ;</subfield>
    <subfield code="c">&#x9E8;&#x9EA; &#x9B8;&#x9C7;&#x9AE;&#x9BF;.</subfield>
  </datafield>
  <datafield tag="650" ind1=" " ind2=" ">
    <subfield code="a">&#x9AF;&#x9C1;&#x995;&#x9CD;&#x9A4;&#x9B0;&#x9BE;&#x9B7;&#x9CD;&#x99F;&#x9CD;&#x9B0;</subfield>
    <subfield code="x">&#x987;&#x9A4;&#x9BF;&#x9B9;&#x9BE;&#x9B8;</subfield>
    <subfield code="9">116641</subfield>
  </datafield>
  <datafield tag="650" ind1=" " ind2=" ">
    <subfield code="a">United States </subfield>
    <subfield code="x">History. </subfield>
    <subfield code="9">116642</subfield>
  </datafield>
  <datafield tag="700" ind1=" " ind2=" ">
    <subfield code="a">&#x9B9;&#x9CB;&#x9B8;&#x9C7;&#x9A8;, &#x986;&#x9AB;&#x9A4;&#x9BE;&#x9AC; </subfield>
    <subfield code="9">116643</subfield>
  </datafield>
  <datafield tag="942" ind1=" " ind2=" ">
    <subfield code="2">ddc</subfield>
    <subfield code="c">BK</subfield>
    <subfield code="0">14</subfield>
  </datafield>
  <datafield tag="999" ind1=" " ind2=" ">
    <subfield code="c">37741</subfield>
    <subfield code="d">37741</subfield>
  </datafield>
  <datafield tag="952" ind1=" " ind2=" ">
    <subfield code="0">0</subfield>
    <subfield code="1">0</subfield>
    <subfield code="2">ddc</subfield>
    <subfield code="4">0</subfield>
    <subfield code="7">0</subfield>
    <subfield code="8">NFIC</subfield>
    <subfield code="a">RUCL</subfield>
    <subfield code="b">RUCL</subfield>
    <subfield code="c">Stack</subfield>
    <subfield code="d">2000-11-16</subfield>
    <subfield code="e">&#x9A2;&#x9BE;&#x995;&#x9BE; &#x987;&#x989;&#x9A8;&#x9BE;&#x987;&#x99F;&#x9C7;&#x9A1; &#x9B8;&#x9CD;&#x99F;&#x9C7;&#x99F; &#x987;&#x9A8;&#x9AB;&#x9B0;&#x9AE;&#x9C7;&#x9B6;&#x9A8; &#x9B8;&#x9BE;&#x9B0;&#x9CD;&#x9AD;&#x9BF;&#x9B8;</subfield>
    <subfield code="g">540.00</subfield>
    <subfield code="l">14</subfield>
    <subfield code="m">2</subfield>
    <subfield code="o">B 973 BRP 1999</subfield>
    <subfield code="r">2016-09-03 00:00:00</subfield>
    <subfield code="s">2016-08-29</subfield>
    <subfield code="t">C-2</subfield>
    <subfield code="w">2021-12-09</subfield>
    <subfield code="y">BK</subfield>
  </datafield>
</record>
